• 首页
  • 本馆介绍
  • 公告通知
  • 最新文献
  • 馆藏检索
  • 电子资源
  • 读者导购
  • 参考咨询
  • 我的图书馆
  • 登录
  • 详细信息显示
  • 放入我的书架
  • 预约/预借图书
  • 作者相关作品
  • 分类相关作品
  • 丛书相关作品
  • 出版社相关作品

书目信息

  • 表格格式
  • 工作单格式
  • 卡片格式
题名:
一起看冬奥
    
 
作者: 杨扬 , 张敦南 主编
分册:  
出版信息: 北京   人民出版社  2020
页数: 122页
开本: 29cm
丛书名:
单 册:
中图分类: G811.212
科图分类:
主题词:
电子资源:
ISBN: 978-7-01-022471-8
000 00814nam0 2200241 450
001 2357965921
005 20231205160608.95
010    @a978-7-01-022471-8@dCNY58.00
100    @a20211202d2020 em y0chiy0110 ea
101 0  @achi
102    @aCN@b110000
105    @aa z 000yy
200 1  @a一起看冬奥@Ayi qi kan dong ao@e公众读本@dOlympic winter games@f杨扬,张敦南主编@zeng
210    @a北京@c人民出版社@d2020
215    @a122页@c彩图,照片@d29cm
330    @a本书分七章,内容包括:全景看台、冬梦飞扬、燃情岁月、“冰嬉”大典、雪原逐鹿、暴走冰车、跨越障碍。
510 1  @aOlympic winter games@zeng
601 12 @a冬季奥运会@x介绍@y北京@z2022
690    @aG811.212@v5
701  0 @a杨扬@Ayang yang@4主编
701  0 @a张敦南@Azhang dun nan@4主编
801  0 @aCN@b91MARC@c20211226
905    @aZUCC@dG811.212@e4
    
    一起看冬奥:公众读本=Olympic winter games/杨扬,张敦南主编.-北京:人民出版社,2020
    122页:彩图,照片;29cm
    
    
    ISBN 978-7-01-022471-8:CNY58.00
    本书分七章,内容包括:全景看台、冬梦飞扬、燃情岁月、“冰嬉”大典、雪原逐鹿、暴走冰车、跨越障碍。
●
相关链接 在五车中查询图书 在当当中查询图书 在豆瓣中查询图书


正题名:一起看冬奥     索取号:G811.212/4         预约/预借

序号 登录号 条形码 馆藏地/架位号 状态 备注
1 2001270481   2001270481   辽宁北方(第一批)/辽宁北方(第一批)/382/ [索取号:G811.212/4] 在馆    
2 2001270482   2001270482   辽宁北方(第一批)/辽宁北方(第一批)/382/ [索取号:G811.212/4] 在馆    
3 2001270483   2001270483   辽宁北方(第一批)/辽宁北方(第一批)/382/ [索取号:G811.212/4] 在馆    
4 2001270484   2001270484   辽宁北方(第一批)/辽宁北方(第一批)/382/ [索取号:G811.212/4] 在馆    
5 2001270485   2001270485   辽宁北方(第一批)/辽宁北方(第一批)/382/ [索取号:G811.212/4] 在馆    
6 2001270486   2001270486   辽宁北方(第一批)/辽宁北方(第一批)/382/ [索取号:G811.212/4] 在馆    
山东省滨州职业学院图书馆 欢迎您!
大连网信软件有限公司© 版权所有